000
00326nam a2200109 a 4500
005
20140414093834.0
008
030610s19uu xx 00 eng d
050
_a
CD 540
_b
OR #3
245
_a
Super tutor Chemistry plus :
_b
clear explanations , comprehensive tutorials, challenging quizzeas.
942
_c
AVM
999
_c
108945
_d
108945